000 00338nam a2200133 i 4500
001 bg
100 1 _aIOSIFESCU, Marius
_d(1916- ).
245 0 _aSkończone procesy Markowa i ich zastosowania /
_cM.Iosifescu.
260 _aWarszawa,
_c1988.
040 _cBPK
041 _apol
942 _cKS
008 s pl f |000 0 pol
999 _c28649
_d28649
856 _uhttp://koha.tu.koszalin.pl/cgi-bin/koha/opac-detail.pl?biblionumber=28649
_yKatalog online BPK